Riconosci il Pokémon - Quiz n°976 - Statistics

Statistiche generali
  • Questo quiz è stato fatto 7 volte
  • Il punteggio medio è 8 su 10
Statistiche sulle risposte
Indizio Risposta % Corretto
Generazione Prima
100%
Stadio evoluzione Prima evoluzione
100%
Tipo Veleno; Veleno / Buio (Alola)
100%
Sesso 50% ♂, 50% ♀
80%
Abilità Tanfo; Antifurto; Velentocco (Normale; Alola); Voracità (Alola); Forza Chimica (Alola)
80%
Altezza 1,2 m; 1,0 m (Alola)
60%
Peso 30,0 kg; 52,0 kg (Alola)
60%
Tasso di cattura 75 (17.5%)
60%
Tasso di allevamento Medio-Veloce
60%
Pokémon Muk
60%
Nessun quiz corrispondente trovato
Distribuzione punteggi
Percentuale di utenti per punteggio
Percentile per numero di risposta
I tuoi punteggi nel tempo
Non hai fatto questo quiz